U.S. State Borders - 2 Truths and a Lie - Statistics

General Stats
  • This quiz has been taken 36 times
  • The average score is 12 of 15
Answer Stats
Question Answer % Correct
Idaho California
94%
Mississippi Florida
88%
Massachusetts Maine
82%
Minnesota Nebraska
79%
Utah Oregon
79%
Tenessee West Virginia
79%
New York New Hampshire
76%
Michigan Pennsylvania
76%
Oklahoma Louisiana
74%
Pennsylvania Virginia
74%
Kentucky North Carolina
71%
Montana Washington
71%
Nevada Wyoming
71%
Arkansas Kansas
68%
Maryland New Jersey
68%
No matching quizzes found
Score Distribution
Percent of People with Each Score
Percentile by Number Answered
Your Score History
You have not taken this quiz